00464 2200133 4500245017000000100002700170650001800197005001900215260003900234041001400273084001100287300002300298336000900321 aPersandingan Susunan dalam Satu Naskah Undang-Undang Ketentuan Umum dan Tata Cara Perpajakan Beserta Peraturan-Peraturan PelaksanaannyacDepartemen Keuangan RIhText aDepartemen Keuangan RI aUndang-undang a20230331103855 aJakartabDirektorat Jenderal Pajak aIndonesia a348.02 a374 hlm. :c21 cm. atext